Govt. of
Madhya Pradesh

Rasamrita Few Drops of Essence (Record no. 51161)

MARC details
000 -LEADER
fixed length control field 00373nam a22001577a 4500
003 - CONTROL NUMBER IDENTIFIER
control field MACL
005 - DATE AND TIME OF LATEST TRANSACTION
control field 20151125154706.0
008 - FIXED-LENGTH DATA ELEMENTS--GENERAL INFORMATION
fixed length control field 151125b xxu||||| |||| 00| 0 eng d
040 ## - CATALOGING SOURCE
Transcribing agency MACL
041 ## - LANGUAGE CODE
Language code of text/sound track or separate title English
082 ## - DEWEY DECIMAL CLASSIFICATION NUMBER
Classification number 920/VEN
100 ## - MAIN ENTRY--PERSONAL NAME
Personal name Venkatraman,K.A.
9 (RLIN) 18280
245 ## - TITLE STATEMENT
Title Rasamrita Few Drops of Essence
650 ## - SUBJECT ADDED ENTRY--TOPICAL TERM
Topical term or geographic name as entry element Autobiography
9 (RLIN) 18281
942 ## - ADDED ENTRY ELEMENTS (KOHA)
Source of classification or shelving scheme
Koha item type Books
Holdings
Withdrawn status Lost status Source of classification or shelving scheme Damaged status Not for loan Home library Current library Date acquired Cost, normal purchase price Total Checkouts Full call number Barcode Date last seen Price effective from Koha item type
          MACL MACL 25/11/2015 195.00   920/VEN CRE025656 02/05/2024 25/11/2015 Books